000 00706nam a2200229Ia 4500
003 OSt
005 20210414095345.0
008 210310s1979 fr fr 000 0 fre d
040 _aCO-JMCR
_cCO-JMCR
041 0 _afre
082 0 4 _a336.2 /
_bB453s
_223
100 1 _aBeltrame, Pierre,
_914777
_eautor
245 1 4 _aLes systémes fiscaux /
_cPierre Beltrame
250 _aSegunda edición
260 _aParis :
_bPresses Universitaires de France,
_c1979
300 _b126 páginas ;
_c18 cm.
490 0 _aque sais-je?
504 _aBibliografía: página [127]
505 0 _aTypologie des systemes fiscaux -- Analyse des systemes fiscaux
650 1 4 _aImpuestos
_914779
_zFrancia
942 _2ddc
_cBK
999 _c7558
_d7558